000 01113cab a2200181 4500
001 ##L132251
008 060123n2005 000 0 eng u
035 _a(Sirsi) u132251
041 0 _aeng
100 1 _aBecker, Florian
245 0 0 _aPlanning, EC law and access to the property market
260 _c2005
490 0 _aScots Law Times
_v40 16 December 2005, 219-221(3)
520 _aRefers to the production of draft local plan proposals regarding new housing developments in the Cairngorms. These proposals consist of a ban by the Cairgorms National Park Authority to block people from outside the area from buying properties. This article draws attention to the regulatory framework of the European Community Treaty (TEC). It is argued that this needs to be respected not only by the central government or legislature, but by all regulatory and other authorities established within the Member States. The implications of EU law and regulation of access to the property market are discussed.
650 2 4 _aCAIRNGORMS
690 _aPROPERTY-RESIDENTIAL PROPERTY-RESIDENTIAL PROPERTY MARKET
942 _n0
999 _c76373
_d76373